Statistics for Star wars Quiz

Click here to take the quiz!

General Stats

  • This quiz has been taken 6 times
  • The average score is 10 of 12

Answer Stats

HintAnswer% Correct
Whos was Lukes first lightsaberAnakin
100%
What is the name of the ball droid in the 3 latest moviesBB-8
100%
What colour was Leias lightsaber in the rise of skywalkerBlue
100%
Underwater creatures that lives on NabooGungans
100%
The famous line said by Obi-Wan on MustafarI have the high ground
100%
Whats is the living part in a lightsaber calledKybercrystal
100%
On this same planet a super weapon is built later what is itStar killer base
80%
The story of .... told by palpatine in episode 3Darth plagueis
60%
What planet dose the jedi take younglings to find their kybercrystalillum
60%
Darth vader trained a few personal jedi hunters what are they calledInquisitors
60%
The dark saber was made by what mandalorian clanVizsla
60%
The two colours used by the sithRed and purple
40%

Score Distribution

Percentile by Number Answered

Percent of People with Each Score

Your Score History

You have not taken this quiz